000 00813cam a2200193 i 4500
005 20260202110936.0
008 250721s2017 jo gr 000 0 ara d
020 _a9789957994020
082 1 4 _a372.21
_bش ا و
100 1 _aابو شاور، رانية عدنان
_eمؤلف.
245 1 0 _aأثر استراتيجية الألعاب اللغوية في تنمية مهارات التخيل الأبداعي لدى أطفال الروضة /
_cأ.رانية عدنان محمد أبو شاور.
250 _aالطبعة الأولى.
264 3 1 _aعمان :
_bدار أمجد للنشر والتوزيع،
_c2017.
300 _a160 صفحة.
650 1 7 _aاطفال ما قبل المدرسة
650 1 7 _aالالعاب التعليمية
942 _2ddc
_cBK
999 _c136548
_d136548